000 00304nam a22001097a 4500
008 160512b xxu||||| |||| 00| 0 eng d
020 _a9786082295343
041 _aeng
080 _a612.39
245 _aShkenca dhe teknologjia e qumeshtit:
_cPiter Valstra; Jan T. M, Vuters; Tom J. Gerts;
942 _2udc
_cBK
999 _c2091
_d2091